| 000 | 01476nam a2200349Ia 4500 | ||
|---|---|---|---|
| 001 | ebr10224616 | ||
| 003 | CaPaEBR | ||
| 006 | m u | ||
| 007 | cr cn||||||||| | ||
| 008 | 981125s1998 enka sb 001 0 eng d | ||
| 020 | _z9780826477729 | ||
| 020 | _z9781847144621 | ||
| 020 | _z0304335991 | ||
| 040 |
_aCaPaEBR _cCaPaEBR |
||
| 035 | _a(OCoLC)290571727 | ||
| 050 | 1 | 4 |
_aLB2806 _b.D35 1998eb |
| 100 | 1 |
_aDalin, Per, _d1936- |
|
| 245 | 1 | 0 |
_aSchool development _h[electronic resource] : _btheories and strategies : an international handbook / _cPer Dalin, with the assistance of Katherine Kitson. |
| 260 |
_aLondon : _bCassell, _c1998. |
||
| 300 |
_axii, 273 p. : _bill. |
||
| 490 | 1 | _aSchool development series | |
| 500 | _a"This book draws on the extensive work of IMTEC with school development projects"--Preface. | ||
| 504 | _aIncludes bibliographical references (p. 253-264) and index. | ||
| 533 |
_aElectronic reproduction. _bPalo Alto, Calif. : _cebrary, _d2009. _nAvailable via World Wide Web. _nAccess may be limited to ebrary affiliated libraries. |
||
| 650 | 0 | _aEducational change. | |
| 650 | 0 | _aSchool management and organization. | |
| 655 | 7 |
_aElectronic books. _2local |
|
| 710 | 2 | _aInternational Movement Towards Educational Change. | |
| 710 | 2 | _aebrary, Inc. | |
| 830 | 0 | _aSchool development series. | |
| 856 | 4 | 0 |
_uhttp://site.ebrary.com/lib/rucke/Doc?id=10224616 _zAn electronic book accessible through the World Wide Web; click to view |
| 999 |
_c40104 _d40104 |
||